Načítá se...
The Udayavarmacarita
| Hlavní autor: | |
|---|---|
| Médium: | Printed Book |
| Vydáno: |
Trivandrum;
The Government of his Highness the Maharaja of Travancore
1938
|
| Vydání: | 1st |
| Témata: |
| LEADER | 00477nam a22001337a 4500 | ||
|---|---|---|---|
| 082 | |a CL# |b SAM/T H8 | ||
| 100 | |a K Sambasiva Sastri (Ed.) |9 190942 | ||
| 245 | |a The Udayavarmacarita | ||
| 250 | |a 1st | ||
| 260 | |a Trivandrum; |b The Government of his Highness the Maharaja of Travancore |c 1938 | ||
| 650 | |a Sanskrit; |9 190943 | ||
| 942 | |c BK | ||
| 999 | |c 67681 |d 67681 | ||
| 952 | |0 0 |1 0 |4 0 |6 CL__SAM_T_H8 |7 0 |8 SAN |9 80467 |a MAL |b MAL |d 2016-11-10 |e 2698 |l 0 |o CL# SAM/T H8 |p MAL002698 |r 2016-11-10 |t 1 |w 2016-11-10 |y BK | ||